[Event "Barbalha op"]
[Site "Barbalha"]
[Date "2009.05.03"]
[Round "6"]
[White "Mateus, Jerluce de Alcantar"]
[Black "Marques, Eder Thiago Morgado"]
[Result "1-0"]
[WhiteElo "1842"]
[BlackElo "1692"]
[PlyCount "101"]
[EventDate "2009.05.01"]
[EventType "swiss"]
[EventRounds "6"]
[EventCountry "BRA"]
[SourceTitle "EXT 2012"]
[Source "ChessBase"]
[SourceDate "2011.11.24"]
[SourceVersion "1"]
[SourceVersionDate "2011.11.24"]
[SourceQuality "1"]

1. c4 e6 2. Nf3 Nf6 3. g3 Nc6 4. Bg2 d5 5. 0-0 dxc4 6. Qa4 Bd6 7. Nd4 Bd7 8. Nxc6 Bxc6 9. Bxc6+ bxc6 10. Qxc6+ Nd7 11. Qxc4 Nb6 12. Qc6+ Qd7 13. Qxd7+ Nxd7 14. Nc3 0-0 15. d4 c5 16. Ne4 Be7 17. dxc5 Nxc5 18. Nxc5 Bxc5 19. Bd2 Rfd8 20. Bc3 Rd7 21. Rfd1 Rad8 22. Rxd7 Rxd7 23. Kf1 f6 24. Ke1 Kf7 25. e3 e5 26. Rd1 Rxd1+ 27. Kxd1 Ke6 28. Ke2 Kf5 29. h3 e4 30. Bd4 Bb6 31. Bxb6 axb6 32. a4 h5 33. b4 Ke5 34. f3 g6 35. fxe4 Kxe4 36. a5 bxa5 37. bxa5 Kd5 38. g4 hxg4 39. hxg4 Kc5 40. Kf3 Kb5 41. Kf4 Kxa5 42. g5 fxg5+ 43. Kxg5 Kb5 44. e4 Kc6 45. Kxg6 Kd7 46. Kf6 Ke8 47. Ke6 Kf8 48. Kd7 Kf7 49. e5 Kf8 50. e6 Kg7 51. e7 1-0

[Event "Barbalha op"]
[Site "Barbalha"]
[Date "2009.05.01"]
[Round "2"]
[White "Santiago, Yago de Moura"]
[Black "Marques, Eder Thiago Morgado"]
[Result "1-0"]
[WhiteElo "2274"]
[BlackElo "1692"]
[PlyCount "69"]
[EventDate "2009.05.01"]
[EventType "swiss"]
[EventRounds "6"]
[EventCountry "BRA"]
[SourceTitle "EXT 2012"]
[Source "ChessBase"]
[SourceDate "2011.11.24"]
[SourceVersion "1"]
[SourceVersionDate "2011.11.24"]
[SourceQuality "1"]

1. e4 e5 2. Nf3 Nc6 3. Bb5 Nge7 4. 0-0 g6 5. d4 a6 6. Bxc6 Nxc6 7. d5 Na5 8. Nxe5 Qe7 9. Nd3 Bg7 10. Bd2 Nc4 11. Bc3 Ne5 12. Nxe5 Bxe5 13. f4 Bxc3 14. bxc3 0-0 15. Qd4 d6 16. c4 Re8 17. Nd2 f5 18. Rae1 fxe4 19. Nxe4 Rf8 20. Ng5 Qd8 21. Ne6 Bxe6 22. Rxe6 Qd7 23. Rfe1 Rae8 24. g3 b6 25. Qe4 Rxe6 26. Qxe6+ Qxe6 27. Rxe6 Kf7 28. Kf2 Re8 29. Rxe8 Kxe8 30. g4 Kf7 31. Ke3 Kf6 32. Ke4 g5 33. h3 h6 34. Kf3 Kg6 35. Kg3 1-0

[Event "Petrolina Cordioli Memorial op"]
[Site "Petrolina"]
[Date "2007.10.18"]
[Round "1"]
[White "Marques, Eder Thiago Morgado"]
[Black "Cordioli, Lourenco Joao"]
[Result "0-1"]
[WhiteElo "1736"]
[BlackElo "2015"]
[PlyCount "58"]
[EventDate "2007.10.09"]
[EventType "swiss"]
[EventRounds "7"]
[EventCountry "BRA"]
[SourceTitle "EXT 2022"]
[Source "ChessBase"]
[SourceDate "2021.10.06"]
[SourceVersion "1"]
[SourceVersionDate "2021.10.06"]
[SourceQuality "1"]

1. d4 Nf6 2. c4 g6 3. Nf3 Bg7 4. Nc3 d6 5. e3 0-0 6. Bd3 Nbd7 7. 0-0 e5 8. Re1 Re8 9. Qc2 c6 10. Bd2 Qe7 11. e4 Nf8 12. d5 c5 13. Bg5 h6 14. Bh4 g5 15. Bg3 Ng6 16. h3 Nh5 17. Bh2 Nhf4 18. Ne2 Qf6 19. Bxf4 exf4 20. b3 h5 21. Nh2 g4 22. hxg4 hxg4 23. f3 g3 24. Nf1 Qh4 25. Rad1 Re5 26. Nd2 Rh5 27. Kf1 Qh1+ 28. Ng1 Bd4 29. Ke2 Qxg2# 0-1